LIBRARY & INFORMATION CENTRE, KCAET, TAVANUR

ONLINE PUBLIC ACCESS CATALOGUE (OPAC)

Elements of psychology / (Record no. 2511)

MARC details
000 -LEADER
fixed length control field 00416cam a2200181ua 4500
041 ## - LANGUAGE CODE
Language code of text/sound track or separate title eng
082 ## - DEWEY DECIMAL CLASSIFICATION NUMBER
Classification number 150.1
Item number BOA/EL
100 ## - MAIN ENTRY--AUTHOR NAME
Personal name Boaz, G.D .
245 ## - TITLE STATEMENT
Title Elements of psychology /
250 ## - EDITION STATEMENT
Edition statement 1 /
260 ## - PUBLICATION, DISTRIBUTION, ETC. (IMPRINT)
Place of publication Madras :
Name of publisher S.Viswanathan ,
Year of publication 1965.
300 ## - PHYSICAL DESCRIPTION
Number of Pages 188 ; .
942 ## - ADDED ENTRY ELEMENTS (KOHA)
Koha item type Books
Holdings
Withdrawn status Lost status Damaged status Home library Current library Date acquired Cost, normal purchase price Full call number Accession Number Koha item type Public note
Withdrawn     KAUAET Malayalam University 07/04/2012 2.50 150.1 7347 Books Transferred to Malayalam University
free website counter